|
|
|
|
| LEADER |
05495nam a22005418i 4500 |
| 001 |
45350 |
| 003 |
BD-DhAAL |
| 005 |
20260224121625.0 |
| 008 |
250417t2026 enk b 001 e eng |
| 010 |
|
|
|a 2025014520
|
| 020 |
|
|
|a 9781032752624
|
| 020 |
|
|
|a 9781003651451
|
| 020 |
|
|
|a 9781041097174
|
| 020 |
|
|
|a 9781003651451
|
| 035 |
|
|
|a 24159110
|
| 035 |
|
|
|a (DLC)24159110
|
| 040 |
|
|
|a DLC
|b eng
|e rda
|c DLC
|d DLC-MRC
|d BD-DhAAL
|
| 042 |
|
|
|a pcc
|
| 043 |
|
|
|a az-----
|
| 043 |
|
|
|a ff-----
|
| 050 |
0 |
0 |
|a PN3448.S64
|b S74 2026
|
| 082 |
0 |
0 |
|a 809.3876
|2 23
|
| 245 |
0 |
4 |
|a The speculative route :
|b futures from South and Southwest Asia and North Africa /
|c edited by Merve Tabur and Sami Ahmad Khan.
|
| 260 |
|
|
|a Abingdon, Oxon ;
|a New York, NY :
|b Routledge,
|c 2026.
|
| 300 |
|
|
|a xx, 250 pages ;
|c 23 cm
|
| 490 |
0 |
|
|a Studies in global genre fiction
|
| 504 |
|
|
|a Includes bibliographical references and index.
|
| 520 |
|
|
|a "The Speculative Route explores speculative traditions and science fictional modes across South and Southwest Asia and North Africa (SSWANA), examining their historical connections, inter and intra-regional entanglements, overlaps, and differences. Conceptualizing science fiction and fantasy (SFF) as a mode rather than genre, this volume challenges the putative boundaries between literary and genre fiction through critical studies and essays focusing on SFF from Bangladesh, Egypt, India, Iran, Pakistan, Palestine, Sri Lanka, and Turkey. It demonstrates the ways in which science fictional modes of thinking and imagination function as critical tools for addressing social, cultural, and political issues beyond genre conventions and expectations. Bringing together articles by leading scholars of SFF and think-pieces by acclaimed authors of contemporary SF, this volume focuses on central themes such as the relationship between aesthetics and politics, alterity, worldbuilding, memory, trauma, colonialism and decolonization, ecology, gender, religion, and mythopoetics. It engages with the past, present, and future of speculative traditions in SSWANA, and compares the visions that emerge from these seemingly disparate--but historically connected--entities. Part of the Studies in Global Genre Fiction series, this volume will be of great interest to academics, students, and practitioners in the fields of genre studies (notably, SF, SFF), comparative literature, media and popular culture, area studies, postcolonial studies, and future studies, as well as to readers who are interested in exploring SFF works from the Global South"-- Provided by publisher.
|
| 526 |
8 |
|
|a ENH
|x Sabiha Huq, PhD
Professor
Department of English and Humanities
BRAC University
Course Name and No. : Dissertations (ENG 466)
|
| 541 |
1 |
|
|a Hye Trade International
|e 45350, 45351, 45352, 45353, 45354
|
| 650 |
|
0 |
|a Speculative fiction
|x History and criticism.
|9 60300
|
| 650 |
|
0 |
|a Science fiction, Indic
|x History and criticism.
|9 60301
|
| 650 |
|
0 |
|a South Asian fiction (English)
|x History and criticism.
|9 60302
|
| 650 |
|
0 |
|a Middle Eastern fiction
|x History and criticism.
|9 60303
|
| 650 |
|
0 |
|a Arabic fiction
|z Africa, North
|x History and criticism.
|9 60304
|
| 655 |
|
7 |
|a Literary criticism.
|9 60238
|
| 655 |
|
7 |
|a Essays.
|9 59183
|
| 700 |
1 |
|
|a Tabur, Merve
|e editor
|4 http://id.loc.gov/vocabulary/relators/edt
|9 60305
|
| 700 |
1 |
|
|a Khan, Sami Ahmad,
|d 1985-
|e editor
|4 http://id.loc.gov/vocabulary/relators/edt
|9 60306
|
| 830 |
|
0 |
|a Studies in global genre fiction
|9 60307
|
| 852 |
1 |
|
|a Ayesha Abed Library
|c General Stacks
|
| 942 |
|
|
|2 ddc
|c BK
|
| 999 |
|
|
|c 47722
|d 47722
|
| 952 |
|
|
|0 0
|1 0
|2 ddc
|4 0
|6 809_387600000000000_SPE
|7 0
|9 78773
|a BRACUL
|b BRACUL
|c GEN
|d 2026-01-29
|e Hye Trade International
|g 3799.00
|l 0
|o 809.3876 SPE
|p 3010045352
|r 2026-01-29
|t 3
|v 7598.00
|w 2026-01-29
|y BK
|x Requisitioned by Sabiha Huq (Professor, Department of English and Humanities, BRAC University) for the course named- Dissertations ‘’(ENG 466)’’
|
| 952 |
|
|
|0 0
|1 0
|2 ddc
|4 0
|6 809_387600000000000_SPE
|7 0
|9 78774
|a BRACUL
|b BRACUL
|c GEN
|d 2026-01-29
|e Hye Trade International
|g 3799.00
|l 0
|o 809.3876 SPE
|p 3010045353
|r 2026-01-29
|t 4
|v 7598.00
|w 2026-01-29
|y BK
|x Requisitioned by Sabiha Huq (Professor, Department of English and Humanities, BRAC University) for the course named- Dissertations ‘’(ENG 466)’’
|
| 952 |
|
|
|0 0
|1 0
|2 ddc
|4 0
|6 809_387600000000000_SPE
|7 0
|9 78775
|a BRACUL
|b BRACUL
|c CIR
|d 2026-01-29
|e Hye Trade International
|g 3799.00
|l 0
|o 809.3876 SPE
|p 3010045350
|r 2026-01-29
|t 1
|v 7598.00
|w 2026-01-29
|y 1HOUR
|x Requisitioned by Sabiha Huq (Professor, Department of English and Humanities, BRAC University) for the course named- Dissertations ‘’(ENG 466)’’; As instructed by the University Librarian, the book has been placed on a one-hour loan period following the receipt of five copies.
|
| 952 |
|
|
|0 0
|1 0
|2 ddc
|4 0
|6 809_387600000000000_SPE
|7 0
|9 78776
|a BRACUL
|b BRACUL
|c NEW
|d 2026-01-29
|e Hye Trade International
|g 3799.00
|l 0
|o 809.3876 SPE
|p 3010045351
|r 2026-01-29
|t 2
|v 7598.00
|w 2026-01-29
|y BK
|x Requisitioned by Sabiha Huq (Professor, Department of English and Humanities, BRAC University) for the course named- Dissertations ‘’(ENG 466)’’
|
| 952 |
|
|
|0 0
|1 0
|2 ddc
|4 0
|6 809_387600000000000_SPE
|7 0
|9 78777
|a BRACUL
|b BRACUL
|c GEN
|d 2026-01-29
|e Hye Trade International
|g 3799.00
|l 0
|o 809.3876 SPE
|p 3010045354
|r 2026-01-29
|t 5
|v 7598.00
|w 2026-01-29
|y BK
|x Requisitioned by Sabiha Huq (Professor, Department of English and Humanities, BRAC University) for the course named- Dissertations ‘’(ENG 466)’’
|